000 00315nam a2200121Ia 4500
008 240624s9999 xx 000 0 und d
041 _aeng
082 _a658 ICF
100 _aICFAI
245 _aINTRODUCTION TO MANAGEMENT STUDY GUIDE
260 _c2005
_aHyderabad
_bICFAI University
300 _a169 : p. : cm. ; 27
999 _c13026
_d13026